000 00380nam a2200157Ia 4500
003 Ost
005 20260225132537.0
008 260225s9999||||xx |||||||||||||| ||und||
040 _cfsic
041 _afre
082 _a302.224
100 _aJaques salame/Albin michel
_eAuteur
245 0 _aT'es toi quand tu parles /
245 0 _cJaques salame/Albin michel
942 _cكتاب
999 _c33296
_d33296